Alternative Öffentlichkeit: die Erfahrungsproduktion neuer sozialer Bewegungen

Saved in:  
Bibliographic Details
Main Author: Stamm, Karl-Heinz 1948- (Author)
Format: Print Book
Language:German
Published: Frankfurt/Main [u.a.] Campus-Verl. 1988
In:Year: 1988
Online Access: Table of Contents
Check availability: HBZ Gateway
Subito Delivery Service: Order now.
Keywords:

MARC

LEADER 00000cam a2200000 c 4500
001 274609797
003 DE-627
005 20260206195806.0
007 tu
008 880201s1988 xx ||||| m 00| ||ger c
015 |a 88,A31,0300  |2 dnb 
016 7 |a 880136308  |2 DE-101 
020 |a 359333948X  |9 3-593-33948-X 
035 |a (DE-627)274609797 
035 |a (DE-603)009877312 
035 |a (DE-576)013642421 
035 |a (DE-599)GBV274609797 
035 |a (OCoLC)242626561 
035 |a (OCoLC)18981430 
035 |a (DE-604)801148750x 
040 |a DE-627  |b ger  |c DE-627  |e rakwb 
041 |a ger 
082 0 |a 320.943 
084 |a 14  |a 16  |a 06  |2 sdnb 
084 |a MR 5600  |2 rvk  |0 (DE-625)rvk/123520: 
084 |a MS 7850  |2 rvk  |0 (DE-625)rvk/123798: 
084 |a MD 8400  |2 rvk  |0 (DE-625)rvk/122556: 
084 |a MS 4760  |2 rvk  |0 (DE-625)rvk/123715: 
084 |a AP 14000  |2 rvk  |0 (DE-625)rvk/6894: 
100 1 |a Stamm, Karl-Heinz  |d 1948-  |0 (DE-588)1145591663  |0 (DE-627)1005642419  |0 (DE-576)164634290  |4 aut 
109 |a Stamm, Karl-Heinz 1948- 
245 1 0 |a Alternative Öffentlichkeit  |b die Erfahrungsproduktion neuer sozialer Bewegungen  |c Karl-Heinz Stamm 
264 1 |a Frankfurt/Main [u.a.]  |b Campus-Verl.  |c 1988 
300 |a 304 S.  |b Ill. 
336 |a Text  |b txt  |2 rdacontent 
337 |a ohne Hilfsmittel zu benutzen  |b n  |2 rdamedia 
338 |a Band  |b nc  |2 rdacarrier 
500 |a Literaturverz. S. 293 - 304 
502 |a Zugl.: Berlin, Freie Univ., Diss., 1986, u.d.T.: Stamm, Karl-Heinz: Struktur-und Formwandel alternativer Öffentlichkeit seit der Studentenrevolte 
650 4 |a Friedensbewegung, Produktion, Bürgerinitiative, Prozess, Umweltorganisation, Strukturwandel, Erfahrung 
655 7 |a Hochschulschrift  |0 (DE-588)4113937-9  |0 (DE-627)105825778  |0 (DE-576)209480580  |2 gnd-content 
689 0 0 |d g  |0 (DE-588)4011889-7  |0 (DE-627)104732423  |0 (DE-576)208896201  |a Deutschland  |g Bundesrepublik  |2 gnd 
689 0 1 |d s  |0 (DE-588)4068597-4  |0 (DE-627)106105329  |0 (DE-576)209174250  |a Alternativbewegung  |2 gnd 
689 0 2 |d s  |0 (DE-588)4043183-6  |0 (DE-627)106210874  |0 (DE-576)209054581  |a Öffentlichkeit  |2 gnd 
689 0 |5 DE-101 
751 |a Berlin, West  |0 (DE-588)4069304-1  |0 (DE-627)104704616  |0 (DE-576)209176296  |4 uvp 
856 4 2 |u http://d-nb.info/880136308/04  |m B:DE-101  |q application/pdf  |3 Inhaltsverzeichnis  |7 1 
856 4 2 |u http://scans.hebis.de/HEBCGI/show.pl?00987731_toc.pdf  |m V:DE-603;B:DE-17  |q application/pdf  |3 Inhaltsverzeichnis  |7 1 
935 |i Blocktest 
935 |h HEB  |i 0501 
935 |h HEB  |i 0503 
936 r v |a MR 5600  |b Theorien und Studien des kollektiven Verhaltens (soziale Bewegungen)  |k Soziologie  |k Sozialwissenschaftliche Theorien und Methoden  |k Jüngere soziologische Theorie  |k Theorien und Studien des kollektiven Verhaltens (soziale Bewegungen)  |0 (DE-627)1271428164  |0 (DE-625)rvk/123520:  |0 (DE-576)201428164 
936 r v |a MS 7850  |b Allgemeine Theorie der gesellschaftlichen Kommunikation und ihrer Medien; Begriff der Öffentlichkeit; Meinungsbildung, Public Relations  |k Soziologie  |k Spezielle Soziologien  |k Soziologie der Massenkommunikation und öffentlichen Meinung, Mediensoziologie  |k Allgemeine Theorie der gesellschaftlichen Kommunikation und ihrer Medien; Begriff der Öffentlichkeit; Meinungsbildung, Public Relations  |0 (DE-627)1271130777  |0 (DE-625)rvk/123798:  |0 (DE-576)201130777 
936 r v |a MD 8400  |b Formen politischer Auseinandersetzung  |k Politologie  |k Politische Theorie, Grundbegriffe des Politischen  |k Politische Auseinandersetzung  |k Formen politischer Auseinandersetzung  |0 (DE-627)1271425963  |0 (DE-625)rvk/122556:  |0 (DE-576)201425963 
936 r v |a MS 4760  |b Politische Bewegungen, Revolution, Außerparlamentarische Opposition (APO)  |k Soziologie  |k Spezielle Soziologien  |k Politische Soziologie  |k Politische Bewegungen, Revolution, Außerparlamentarische Opposition (APO)  |0 (DE-627)1271374587  |0 (DE-625)rvk/123715:  |0 (DE-576)201374587 
936 r v |a AP 14000  |b Kommunikation, Medien und Gesellschaft  |k Allgemeines  |k Medien- und Kommunikationswissenschaften, Medienkulturwissenschaft, Kommunikationsdesign  |k Beziehungen, Ausstrahlungen, Einwirkungen  |k Kommunikation, Medien und Gesellschaft  |0 (DE-627)127068437X  |0 (DE-625)rvk/6894:  |0 (DE-576)20068437X 
936 s n |a a300  |2 mzub 
936 s n |a m100  |2 mzub 
936 s n |a m200  |2 mzub 
951 |a BO 
ELC |b 1 
LOK |0 000 xxxxxcx a22 zn 4500 
LOK |0 001 328238968X 
LOK |0 003 DE-627 
LOK |0 004 274609797 
LOK |0 005 20140925170056 
LOK |0 008 140925||||||||||||||||ger||||||| 
LOK |0 040   |a DE-21-110  |c DE-627  |d DE-21-110 
LOK |0 689   |a s  |a Neue soziale Bewegungen 
LOK |0 852   |z Kein Bestand am IfK; Nachweis für KrimDok 
LOK |0 852   |a DE-21-110 
LOK |0 852 1  |m v  |9 00 
LOK |0 935   |a k110 
LOK |0 938   |k v 
LOK |0 939   |a 25-09-14  |b l01 
ORI |a SA-MARC-krimdoka001.raw 
TIM |a 100019490523_100019901002  |b 1949-05-23 - 1990-10-02